Ψυχολογιοποίηση : επιπτώσεις των ψυχολογικών ερμηνειών στα φαινόμενα κοινωνικής επιρροής
Αποθηκεύτηκε σε:
| Κύριος συγγραφέας: | |
|---|---|
| Μορφή: | Βιβλίο |
| Γλώσσα: | Greek |
| Δημοσίευση: |
Αθήνα :
Πεδίο,
2011.
|
| Σειρά: | Κοινωνική ψυχολογία (Πεδίο (Εταιρεία))
|
| Θέματα: | |
| Ετικέτες: |
Προσθήκη ετικέτας
Δεν υπάρχουν, Καταχωρήστε ετικέτα πρώτοι!
|
MARC
| LEADER | 00000cam a2200000 i 4500 | ||
|---|---|---|---|
| 001 | 1/42814 | ||
| 008 | 140224s2011 gr | ||| |||| ||gre|| | ||
| 020 | |a 9789609552455 | ||
| 035 | |l 10116814 | ||
| 040 | |a GR-MyUa |b gre |e AACR2 | ||
| 041 | 0 | |a gre | |
| 082 | 7 | |a 302 |2 (22) | |
| 100 | 1 | |a Παπαστάμου, Στάμος, |d 1952- | |
| 245 | 1 | 0 | |a Ψυχολογιοποίηση : |b επιπτώσεις των ψυχολογικών ερμηνειών στα φαινόμενα κοινωνικής επιρροής / |c Στάμος Παπαστάμου. |
| 260 | |a Αθήνα : |b Πεδίο, |c 2011. | ||
| 300 | |a 535 σ. ; |c 24 εκ. | ||
| 490 | 1 | |a (Κοινωνική ψυχολογία) | |
| 504 | |a Περιλαμβάνει βιβλιογραφία και ευρετήριο. | ||
| 650 | 0 | 0 | |a Social psychology. |
| 650 | 0 | 0 | |a Social influence. |
| 830 | 0 | |a Κοινωνική ψυχολογία (Πεδίο (Εταιρεία)) | |
| 852 | |a INST |b LESVOS |e 20140224 |h 302 ΠΑΠ |p 005100053502 |q 005100053502 |t BK |y 0 | ||
| 852 | |a INST |b LESVOS |e 20160512 |h 302 ΠΑΠ |p 005100057521 |q 005100057521 |t BK |y 0 | ||
| 901 | |a BIBL1-2014-1 | ||
| 920 | |a Εύδοξος |b Επιστροφή |y Λέσβος |z 2016-05 | ||
| 922 | |a 1ΕΛΗ |b 201207 |c ΤΜΗΜΑ ΚΟΙΝΩΝΙΟΛΟΓΙΑΣ |d ΙΩΑΝΝΙΔΟΥ | ||
| 970 | |a ΤΖΑΦΕΡΗ |b ΕΥΑΓΓΕΛΙΑ |z 2014/02/24 | ||